Obra completa: narrativa
Tallennettuna:
| Päätekijä: | |
|---|---|
| Aineistotyyppi: | Kirja |
| Kieli: | espanja |
| Julkaistu: |
Buenos Aires
Seix Barral
2000
|
| Painos: | 2a. ed |
| Sarja: | Biblioteca Breve
|
| Aiheet: | |
| Tagit: |
Lisää tagi
Ei tageja, Lisää ensimmäinen tagi!
|
MARC
| LEADER | 00000nam a2200000 a 4500 | ||
|---|---|---|---|
| 001 | UCO7870 | ||
| 003 | CL-VaPUC | ||
| 008 | 001124e20000000AG |||||||||||||||||spa|d | ||
| 082 | 0 | 4 | |a Ar863 |b SAB |2 21 |
| 100 | |a Sabato, Ernesto |e author |9 322691 | ||
| 245 | 1 | 0 | |a Obra completa: narrativa |
| 250 | |a 2a. ed | ||
| 300 | |a 951 p | ||
| 942 | |c BK | ||
| 945 | |d 20001124 00:00:00 |a vberengu | ||
| 260 | |a Buenos Aires |b Seix Barral |c 2000 | ||
| 650 | 0 | |a Novelas argentinas |9 267871 | |
| 650 | 0 | |a Literatura argentina |9 320596 | |
| 583 | |a last modification |c 20001124 00:00:00 |k Rodrigo Vera | ||
| 490 | 0 | |a Biblioteca Breve | |
| 999 | |c 292713 |d 292711 | ||
| 952 | |0 0 |1 2 |4 0 |6 AR_863_000000000000000_SAB_2000 |7 0 |8 R |9 343770 |a BIBGIM |b BIBGIM |d 2019-11-20 |i 366922K |o Ar863 SAB 2000 |p 366922K |r 2019-11-20 |w 2019-11-20 |y BK_R |k GIM | ||
| 952 | |0 0 |1 0 |4 0 |6 AR_863_000000000000000_SAB_2000 |7 0 |8 A |9 343771 |a BIBEDU |b BIBEDU |d 2019-11-20 |i 3934837 |o Ar863 SAB 2000 |p 3934837 |r 2019-11-20 |w 2019-11-20 |y BK |k LIT | ||